| 000 | 00908nam a2200301 a 4500 | ||
|---|---|---|---|
| 001 | 43027 | ||
| 003 | AR-BaAGN | ||
| 005 | 20231116145547.0 | ||
| 007 | ta | ||
| 008 | 220625s1996 ag |||||r|||| ||||||spa d | ||
| 020 | _a950-9067-60-1 | ||
| 040 |
_dAR-BaAGN _aAR-BaAGN _bspa _eaacr |
||
| 110 | 1 | _aConsejo Argentino para las Relaciones Internacionales (Buenos Aires) | |
| 245 | 1 | 0 |
_aLa relación entre la Argentina y los Estados Unidos : _b1989-1995 : una nueva etapa |
| 250 | _a1ª ed. | ||
| 260 |
_aBuenos Aires : _bEl Cronista Comercial, _c1996. |
||
| 300 | _a621 páginas | ||
| 336 |
_2rdacontent _btxt |
||
| 337 |
_2rdamedia _bn |
||
| 338 |
_2rdacarrier _bnc |
||
| 650 | 4 |
_aRELACIONES EXTERIORES _91958 |
|
| 650 | 4 |
_aPOLÍTICA _92164 |
|
| 651 | 4 |
_aArgentina _93645 |
|
| 651 | 4 |
_aEstados Unidos _93634 |
|
| 700 | 1 |
_aGranillo Ocampo, Raúl, _epbd _d1948- _95664 |
|
| 942 | _cLIBRO | ||
| 999 |
_c43027 _d43027 |
||